000 00689nam a2200193Ia 4500
001 5521
003 GE_BSU
008 181216s||||||||xx |||||||||||||| ||und||
040 _cGE_BSU
080 _a517.98(075.8)
100 _aКириллов, А. А А. Д. Гвишиани.
245 _aТеоремы и задачи функционального анализа учеб. пособие для студ. физ. мат.спец. высших учеб заведений
260 _aМосква
260 _bНаука
260 _c1979.
300 _a380.с21 см.
653 _aТеоремы и задачи функционального анализа
942 _cBK
999 _c39016
_d39016